000
00314nam a22001337a 4500
003
SGT
082
_a
923.154
_b
P90C
100
_a
ATTAR, CHAND
245
_a
PRIME MINISTER V.P SINGH GREAT EXPECTATIONS
260
_a
INDIA
_b
H.K PUB.
_c
1990
300
_a
299
650
_a
PRIME MINISTER OF INDIA
942
_2
ddc
_c
BK
999
_c
25880
_d
25880